News for sale: (Record no. 9807)

MARC details
000 -LEADER
fixed length control field 00586nam a22001697a 4500
003 - CONTROL NUMBER IDENTIFIER
control field OSt
005 - DATE AND TIME OF LATEST TRANSACTION
control field 20260423082200.0
008 - FIXED-LENGTH DATA ELEMENTS--GENERAL INFORMATION
fixed length control field 260423b |||||||| |||| 00| 0 eng d
020 ## - INTERNATIONAL STANDARD BOOK NUMBER
International Standard Book Number 971-8686-20-7
040 ## - CATALOGING SOURCE
Original cataloging agency OC
Transcribing agency DWC-Main Lib
082 ## - DEWEY DECIMAL CLASSIFICATION NUMBER
Classification number Fil. 302.23 H676n 1998
100 ## - MAIN ENTRY--PERSONAL NAME
Personal name Hofileña, C.
245 ## - TITLE STATEMENT
Title News for sale:
Remainder of title the corruption of the Philippine media
Statement of responsibility, etc. Hofileña, Chay
260 ## - PUBLICATION, DISTRIBUTION, ETC.
Name of publisher, distributor, etc. Philippine Center for Investigative Journalism,
Date of publication, distribution, etc. c1998
300 ## - PHYSICAL DESCRIPTION
Extent xvi, 131pages ;
Dimensions 23 cm.
942 ## - ADDED ENTRY ELEMENTS (KOHA)
Source of classification or shelving scheme Dewey Decimal Classification
Koha item type Book-Filipiniana
Classification part Fil. 302.23 H676n 1998
Call number prefix Fil.
Suppress in OPAC No
952 ## - LOCATION AND ITEM INFORMATION (KOHA)
--
952 ## - LOCATION AND ITEM INFORMATION (KOHA)
--
Holdings
Withdrawn status Lost status Source of classification or shelving scheme Damaged status Not for loan Home library Current library Shelving location Date acquired Total Checkouts Full call number Barcode Date last seen Copy number Price effective from Koha item type Uniform Resource Identifier
    Dewey Decimal Classification     College Library College Library Filipiniana 04/23/2026   Fil. 302.23 H676n 1998 CL32743 04/23/2026 c2 04/23/2026 BK - FIL
    Dewey Decimal Classification     College Library College Library Filipiniana 04/23/2026   Fil. 302.23 H676n 1998 CL39992 04/23/2026 c1 04/23/2026 BK - FIL